000 00476nam a2200145Ia 4500
003 OSt
005 20260121153129.0
008 211028s2015 xx 000 0 und d
040 _cAIMIT LIBRARY
041 _aeng
100 _aSaseendran, Aswanth;Dias, Been.
_g1316020
_97294
245 _aEmpirical study on the effectiveness of the marketing strategies adopted by G' Sons apparel's brand Dennis morton Kannur /
260 _aMangalore
_bBeena Dias
_c2015
942 _2ddc
_cPRO
999 _c218864
_d218864